| 000 | 03712cam0 2200625 ib4500 | ||
|---|---|---|---|
| 001 | BY-NLB-br0001096098 | ||
| 005 | 20260402103003.0 | ||
| 010 | ^a978-5-98156-499-4 | ||
| 100 | ^a20140707d2013 m y0rusy50 ca | ||
| 101 | 0 | ^arus | |
| 102 | ^aRU | ||
| 105 | ^aace z 001yy | ||
| 109 | ^ada | ||
| 181 | 0 | ^ai3 | |
| 181 | 0 |
^ab1 ^b b2e |
|
| 182 | 0 | ^an | |
| 200 | 1 |
^aС. С. Ракочевский. Опыт собрания исторических записок о городе Рославле ^fвступительная статья, примечания М. В. Иванова |
|
| 203 |
^aТекст ^aИзображение ^bнеподвижное ^bдвухмерное ^cнепосредственные |
||
| 210 | ^d2013 | ||
| 215 |
^a286 с. ^cил., портр. |
||
| 320 | ^aБиблиография: с. 235―237 (44 назв.), библиография в подстрочных примечаниях | ||
| 320 | ^aИменной указатель: с. 241―259 | ||
| 345 | ^9800 экз. | ||
| 461 | 1 |
^12001 ^aСмоленская земля в памятниках русской словесности ^e[сборник ^fпод общей редакцией В. В. Ильина] ^vТ. 29 ^1010 ^a978-5-98156-366-9 ^bв переплете ^1210 ^aСмоленск ^cМаджента ^d2012—2013 ^1215 ^d22 см |
|
| 600 | 1 |
^3BY-NLB-ar7755607 ^aСоколовский ^bС. М. ^gСергей Михайлович ^cкраевед ^f1860—1927 ^2BY-auth |
|
| 606 |
^3BY-NLB-ar7989 ^aГОРОДА ^2DVNLB |
||
| 606 |
^3BY-NLB-ar2648372 ^aИСТОРИЯ ^2DVNLB |
||
| 606 |
^3BY-NLB-ar15462 ^aКУЛЬТУРНАЯ ЖИЗНЬ ^2DVNLB |
||
| 606 |
^3BY-NLB-ar14978 ^aКРАЕВЕДЕНИЕ ^2DVNLB |
||
| 606 |
^3BY-NLB-ar43556 ^aИСТОРИЧЕСКИЕ ИСТОЧНИКИ ^2DVNLB |
||
| 606 |
^3BY-NLB-ar14982 ^aКРАЕВЕДЧЕСКИЕ МУЗЕИ ^2DVNLB |
||
| 606 |
^3BY-NLB-ar12358 ^aИСТОРИКИ ^2DVNLB |
||
| 606 |
^3BY-NLB-ar14988 ^aКРАЕВЕДЫ ^2DVNLB |
||
| 606 |
^3BY-NLB-ar28726 ^aРУССКИЙ ^2DVNLB |
||
| 606 |
^3BY-NLB-ar734 ^a19 ВЕК ВТОРАЯ ПОЛОВИНА ^2DVNLB |
||
| 606 |
^3BY-NLB-ar2404313 ^a20 ВЕК НАЧАЛО ^2DVNLB |
||
| 607 |
^3BY-NLB-ar28572 ^aРоссия ^2BY-auth |
||
| 607 |
^3BY-NLB-ar30688 ^aСмоленская область (Россия) ^2BY-auth |
||
| 607 |
^3BY-NLB-ar73667 ^aРославль, город (Смоленская область; Россия) ^2BY-auth |
||
| 608 |
^3BY-NLB-ar41900 ^aБИОГРАФИЧЕСКИЕ СВЕДЕНИЯ ^2BYGNR |
||
| 660 | ^ae-ru | ||
| 686 |
^a83.3(2Рос) + 26.890(2) ^2rubbk |
||
| 690 |
^a1 ^2Base ^9BY-MI0000 ^xRSEK |
||
| 701 | 1 |
^3BY-SEK-ar7777068 ^aРакочевский ^bС. С. ^gСергей Степанович |
|
| 702 | 1 |
^aИльин ^bВ. В. ^4340 |
|
| 702 | 1 |
^3BY-SEK-527416 ^aИванов ^bМ. В. ^gМихаил Вадимович ^cкандидат исторических наук ^4080 ^4212 |
|
| 801 | 0 |
^aBY ^bBY-HM0000 ^c20140707 ^gpsbo |
|
| 801 | 2 |
^aBY ^bBY-MI0000 ^c20260323 ^gRCR |
|
| 035 | ^a(BY-MI0000)BY-NLB-br0001096098 | ||
| 899 | 0 |
^aBY-MI0000 ^iС511 ^h83.3(2Рос) |
|